000 00518nam a22001937a 4500
003 OSt
005 20140310182216.0
008 130907t xxu||||| |||| 00| 0 eng d
020 _a9781846967047
050 _aQL 666
_b.J12 2008
082 _aHS 597.98
_bJ12 2008
100 _aJackson, Tom
_917060
245 _aMonster crocs /
_cTom Jackson.
260 _aGreat Britain :
_bTicktock,
_cc2008.
300 _a32 p. :
_bcol. ill. ;
_c26 cm.
650 _aReptiles.
_917061
942 _2lcc
_cHS
999 _c10597
_d10597